Aktívne s plánmi aktivity Úlohy odborov po 5. plenárnej schôdzi

Podrobná bibliografia
Hlavný autor: (neu) (Autor)
Médium: Článok
Jazyk:slovenčina
Predmet:

MARC

LEADER 00000nab a2200000 a 4500
001 vtls000162954
003 SK-MaSNL
005 20260302202541.0
008 190108c1983 xo 0 slo
015 |a SNBRB19rr/mm-uuuuu 
035 |a CL0173065 
040 |a SNKBUCL  |b slo  |c SNKBUCL  |e AACR2 
041 0 |a slo 
044 |a xo  |c SK 
080 |a 331.88(437)  |2 1981 
100 1 |a (neu)  |4 aut  |9 921884 
245 1 0 |a Aktívne s plánmi aktivity  |b Úlohy odborov po 5. plenárnej schôdzi  |c (neu) 
610 2 7 |a Revolučné odborové hnutie  |2 SNKKA  |9 36449 
651 7 |a 3100  |2 snkbucl  |9 920766 
655 7 |a články z novín a časopisov  |2 snkbucl  |9 267496 
773 0 |t Práca  |g Roč. 38, č. 250 (22. 10. 1983), s. 2 
850 |a Slovenská národná knižnica v Martine  |a MTA001 
852 |a SNK  |b KIS3GCP 
958 |a RK 
992 |a RBX 
999 |c 1465413  |d 1467343